000
00336nam a2200133Ia 4500
008
151001s9999||||xx |||||||||||||| ||und||
100
_a
-
245
_a
कल्याण वर्ष १४ १९३९
250
_a
-
260
_b
कल्याण कार्यालय
260
_c
1937
300
_a
0
365
_b
9.5
999
_c
949459
_d
949456